[Event "Navarra-ch"]
[Site "Pamplona"]
[Date "2014.05.24"]
[Round "7"]
[White "Enterrios Carballo, Pablo"]
[Black "Zozaya Albizu, Martin"]
[Result "1-0"]
[WhiteElo "1734"]
[BlackElo "1477"]
[PlyCount "67"]
[EventDate "2014.03.29"]
[EventType "swiss"]
[EventRounds "8"]
[EventCountry "ESP"]
[SourceTitle "EXT 2016"]
[Source "ChessBase"]
[SourceDate "2015.10.08"]
[SourceVersion "1"]
[SourceVersionDate "2015.10.08"]
[SourceQuality "1"]

1. d4 Nf6 2. Nf3 e6 3. c4 b6 4. g3 Bb7 5. Bg2 d5 6. cxd5 exd5 7. 0-0 Nbd7 8. Nc3 Be7 9. a3 0-0 10. b4 Re8 11. Bb2 a5 12. b5 Rc8 13. a4 c6 14. bxc6 Rxc6 15. Nb5 Bb4 16. e3 Ne4 17. Qb3 Ndf6 18. Rfc1 Qd7 19. Ne5 Rxc1+ 20. Rxc1 Qd8 21. Rc7 Re7 22. Nc6 Bxc6 23. Rxc6 Be1 24. Bh3 Re8 25. Rc8 Qe7 26. Ba3 Bxf2+ 27. Kg2 Qb7 28. Rc7 Qb8 29. Be7 Kh8 30. Bxf6 gxf6 31. Qxd5 Bxg3 32. hxg3 Ng5 33. Qc6 Kg8 34. Nd6 1-0

[Event "Navarra-ch"]
[Site "Pamplona"]
[Date "2014.05.03"]
[Round "4"]
[White "Vigor Iriarte, Unai"]
[Black "Enterrios Carballo, Pablo"]
[Result "0-1"]
[WhiteElo "1630"]
[BlackElo "1734"]
[PlyCount "70"]
[EventDate "2014.03.29"]
[EventType "swiss"]
[EventRounds "8"]
[EventCountry "ESP"]
[SourceTitle "EXT 2016"]
[Source "ChessBase"]
[SourceDate "2015.10.08"]
[SourceVersion "1"]
[SourceVersionDate "2015.10.08"]
[SourceQuality "1"]

1. e4 c5 2. Nf3 Nc6 3. d4 cxd4 4. Nxd4 g6 5. Bc4 Bg7 6. c3 Nf6 7. f3 d6 8. Be3 0-0 9. 0-0 a6 10. Re1 Na5 11. Bf1 b5 12. a4 Nc4 13. axb5 Nxe3 14. Rxe3 Qb6 15. Kh1 Bb7 16. bxa6 Bxa6 17. Bxa6 Rxa6 18. Rxa6 Qxa6 19. Na3 Rb8 20. Qe2 Qb7 21. Ndb5 Nd7 22. c4 Nc5 23. b4 Ne6 24. Nc2 Nc7 25. Nxc7 Qxc7 26. Rb3 Ra8 27. b5 Qb6 28. Rb1 Kf8 29. Qe3 Qxe3 30. Nxe3 Bd4 31. Nd5 e6 32. Nc7 Rc8 33. Na6 Rxc4 34. h4 Bb6 35. Nb4 f5 0-1

[Event "Navarra-ch"]
[Site "Pamplona"]
[Date "2014.04.05"]
[Round "2"]
[White "Ochoa Aldaz, Mikel"]
[Black "Enterrios Carballo, Pablo"]
[Result "1-0"]
[WhiteElo "1614"]
[BlackElo "1734"]
[PlyCount "99"]
[EventDate "2014.03.29"]
[EventType "swiss"]
[EventRounds "8"]
[EventCountry "ESP"]
[SourceTitle "EXT 2016"]
[Source "ChessBase"]
[SourceDate "2015.10.08"]
[SourceVersion "1"]
[SourceVersionDate "2015.10.08"]
[SourceQuality "1"]

1. e4 c5 2. Nf3 Nc6 3. d4 cxd4 4. Nxd4 g6 5. c4 Bg7 6. Be3 Nf6 7. f3 0-0 8. Be2 Qb6 9. Nxc6 Qxe3 10. Nxe7+ Kh8 11. Qd2 Qc5 12. Nxc8 Raxc8 13. Nc3 d6 14. 0-0-0 Rfd8 15. Kb1 Nd7 16. Qxd6 Qf2 17. Qg3 Qb6 18. f4 Nc5 19. e5 a5 20. Rxd8+ Rxd8 21. Rd1 a4 22. Qe3 Re8 23. Rd5 a3 24. b3 Bf8 25. Ne4 Rc8 26. Nd6 Rc7 27. Nb5 Rd7 28. Rxd7 Nxd7 29. Qxb6 Nxb6 30. Bf3 Nd7 31. Bxb7 Nc5 32. Bd5 Nd3 33. g3 Kg7 34. Nd6 Bxd6 35. exd6 Kf8 36. Bc6 f6 37. Be4 Nc5 38. Bf3 Ke8 39. Kc2 Kd7 40. b4 Na6 41. Kb3 Kxd6 42. Kxa3 Nc7 43. Ka4 Ne6 44. Ka5 Nd4 45. c5+ Kc7 46. Bh1 Nc2 47. b5 Na3 48. b6+ Kb8 49. c6 Nc4+ 50. Ka6 1-0